| 000 | 00606nam a2200193 i 4500 | ||
|---|---|---|---|
| 001 | 35888 | ||
| 003 | ES-MaACL | ||
| 005 | 20230906155233.0 | ||
| 007 | t| | ||
| 008 | 030214s1957 sp ||||1| spa d | ||
| 100 | 1 |
_aBour, H. _930943 |
|
| 245 | 1 | 3 |
_aEl médico de empresa Manual de Medicina del Trabajo / _cH. Bour y G. Sieurin ; prólogo de Narciso Perales Herrero. |
| 250 | _a1ª ed. | ||
| 260 |
_aMadrid : _bMorata, _c1957 ( _fCastilla) |
||
| 300 |
_a2 v. : _bil. ; _c18 cm. |
||
| 700 | 1 |
_aPerales Herrero, Narciso. _990366 |
|
| 700 | 1 |
_aSieurin, G. _9106289 |
|
| 852 |
_aES-MaACL _jC-18044-5 _bR.46042 |
||
| 999 |
_c35888 _d35888 |
||